000 00777nam a2200289Ia 4500
001 76723
003 IT-RoPAU
008 130308s9999 xx 000 0 und d
040 _aIT-RoPAU
040 _cIT-RoPAU
041 _aITALIANO
100 _aGallian Mario
100 _gCodice Aut. SPICS: 27068
245 _aArchitettura funeraria (L')-Esperienze
245 _bLezioni di Arte Sacra-2-Riconsacrare L'Arte Sacra
250 _a1a ed.
260 _aROMA
260 _bIstituto Beato Angelico
260 _c1987 [1° Ed.:1987 - Ed.Ling.Originale:1985]
300 _a"3 p. (prefazione: no ; testo: 3 [pagine: 89-91])"
650 _aSAGGI DI LITURGIA
650 _eCodice materia Spics: 9160
942 _cBK
957 _71
999 _c63537
_d63537
999 _bSI
999 _g1